000 00406nam a2200145Ia 4500
008 090124s9999 xx 000 0 und d
082 _b400387
245 _a नामदार गोखले
250 _a1
260 _bवाळिंबे मो.मा.
_c1978
300 _a19
630 _a नामदार गोखले
730 _a नामदार गोखले
942 _cBOOK
999 _c196308
_d196308